Central Library OPAC University of Rajshahi

Agricultural research in Bangladesh : (Record no. 60940)

MARC details
000 -LEADER
fixed length control field 00912nam a2200253 a 4500
001 - CONTROL NUMBER
control field 60940
003 - CONTROL NUMBER IDENTIFIER
rucl marc code BD-RjUL
005 - DATE AND TIME OF LATEST TRANSACTION
control field 20211209080912.0
008 - FIXED-LENGTH DATA ELEMENTS--GENERAL INFORMATION
fixed length control field 170104s1983 bg a b o000 0 eng d
035 ## - SYSTEM CONTROL NUMBER
System control number (BD-RjUL)61064
040 ## - CATALOGING SOURCE
Original cataloging agency BD-RjUL
Language of cataloging eng
Transcribing agency BD-RjUL
041 ## - LANGUAGE CODE
Language code of text/sound track or separate title eng
082 ## - DEWEY DECIMAL CLASSIFICATION NUMBER
Edition number 23
Classification number 630.7205492
Author mark and year AGR 1983
245 00 - TITLE STATEMENT
Title Agricultural research in Bangladesh :
Remainder of title contributing to national development /
Statement of responsibility, etc. editor : Theodore Hutchcroft
260 ## - PUBLICATION, DISTRIBUTION, ETC. (IMPRINT)
Place of publication, distribution, etc. Dhaka :
Name of publisher, distributor, etc. Bangladesh Agricultural Research Council,
Date of publication, distribution, etc. 1983
300 ## - PHYSICAL DESCRIPTION
Pagination vii, 186 p. :
Illustrations col. ill. ;
Size 24 cm
504 ## - BIBLIOGRAPHY, ETC. NOTE
Bibliography, etc Includes bibliographical references: p.182
650 #0 - SUBJECT ADDED ENTRY--TOPICAL TERM
Topical term or geographic name as entry element Agriculture
General subdivision Research
Geographic subdivision Bangladesh
9 (RLIN) 181718
Topical term or geographic name as entry element Agriculture and state
Geographic subdivision Bangladesh
9 (RLIN) 181719
700 ## - ADDED ENTRY--PERSONAL NAME
Personal name Hutchcroft, Theodore, editor
710 2# - ADDED ENTRY--CORPORATE NAME
Corporate name or jurisdiction name as entry element Bāṃlādeśa Kr̥shi Gabeshaṇā Kāunsila.
9 (RLIN) 181721
942 ## - ADDED ENTRY ELEMENTS (KOHA)
Source of classification or shelving scheme Dewey Decimal Classification
Koha item type Books
Holdings
Lost status Source of classification or shelving scheme Damaged status Not for loan Collection code Permanent Location Current Location Shelving location Date acquired Source of acquisition Total Checkouts Full call number Date last seen Copy number Koha item type
  Dewey Decimal Classification   Not For Loan Non-fiction Central Library, University of Rajshahi Central Library, University of Rajshahi Reading Room 13/01/2009 RUCL   630.7205492 AGR 1983 04/01/2017 C-1 Books